LEADER 01391nam0 22003493i 450 001 SBL0384694 005 20231121125823.0 100 $a20130603d1970 ||||0itac50 ba 101 | $aita 102 $ait 181 1$6z01$ai $bxxxe 182 1$6z01$an 200 1 $aChou En-lai$fdi Kai-Yu Hsu$gtraduzione di Maria Giulia Minetti 210 $aMilano$cLonganesi$d[1970] 215 $a342 p.$d19 cm. 225 | $aChi è? Gente famosa$v29 410 0$1001RAV0144735$12001 $aChi è? Gente famosa$v29 500 10$aChou En-lai: China?s gray eminence.$3SBL0384695$9SBLV193643$93636527 606 $aChou, En-lai$2FIR$3SBLC078172$9I 676 $a951.05092$9STORIA DELLA CINA. REPUBBLICA POPOLARE, 1949-. Persone$v21 700 1$aHsu$b, Kai-yu$3SBLV193643$4070$0656583 702 1$aMinetti$b, Maria Giulia$3SBLV190715 790 1$aXu$b, Jieyu$3RMSV077318$zHsu, Kai-yu 801 3$aIT$bIT-01$c20130603 850 $aIT-RM0460 $aIT-FR0017 899 $aBiblioteca Dell' Archivio Centrale Dello Stato$bRM0460 899 $aBiblioteca umanistica Giorgio Aprea$bFR0017 912 $aSBL0384694 950 0$aBiblioteca umanistica Giorgio Aprea$d 52DES 951 Hsu.Cho.$e 52SBA0000161095 VMB RS $fA $h20130716$i20130716 977 $a 27$a 52 996 $aChou En-lai: China?s gray eminence$93636527 997 $aUNICAS LEADER 01575nam0 22003493i 450 001 VAN0242747 005 20220926104911.799 017 70$2N$a9783319223063 100 $a20220311d2016 |0itac50 ba 101 $aeng 102 $aCH 105 $a|||| ||||| 200 1 $aFundamentals of Arc Spraying$ePhysical and Chemical Regularities$fVladislav Boronenkov, Yury Korobov 210 $aCham$cSpringer$d2016 215 $aXI, 256 p.$cill.$d24 cm 620 $aCH$dCham$3VANL001889 676 $a658.5$cIngegneria industriale - Gestione della produzione$v22 676 $a620.1$cScienze dei materiali$v22 676 $a621.89$cTribologia$v22 676 $a530.4175$cFilm sottili$v22 676 $a669$cMetallurgia - Chimica dei metalli - Materiali metallici$v22 700 1$aBoronenkov$bVladislav$3VANV198557$01063855 701 1$aKorobov$bYuri$3VANV198558$01207497 712 $aSpringer $3VANV108073$4650 801 $aIT$bSOL$c20240614$gRICA 856 4 $uhttps://link.springer.com/book/10.1007/978-3-319-22306-3$zE-book - Accesso al full-text attraverso riconoscimento IP di Ateneo, proxy e/o Shibboleth 899 $aBIBLIOTECA DEL DIPARTIMENTO DI SCIENZE E TECNOLOGIE AMBIENTALI BIOLOGICHE E FARMACEUTICHE$1IT-CE0101$2VAN17 912 $fN 912 $aVAN0242747 950 $aBIBLIOTECA DEL DIPARTIMENTO DI SCIENZE E TECNOLOGIE AMBIENTALI BIOLOGICHE E FARMACEUTICHE$d17CONS e-book 2220 $e17BIB2220/206 206 20220311 996 $aFundamentals of Arc Spraying$92785341 997 $aUNICAMPANIA